| Tag |
First Indicator |
Second Indicator |
Subfields |
| LEADER |
00000cam a2200000 a 4500 |
| 001 |
in00000090197 |
| 005 |
20151008065626.0 |
| 008 |
781116m19779999nhua b 10110 eng |
| 010 |
|
|
|a 76053992
|
| 019 |
|
|
|a 3116803
|a 10265019
|
| 020 |
|
|
|a 0874511356 (v. 1) :
|c $20.00
|
| 035 |
|
|
|a (OCoLC)04500056
|
| 035 |
|
|
|9 AAK6283AM
|
| 040 |
|
|
|a DLC
|c DLC
|d OCL
|d CSU
|d VRC
|d RBN
|d m.c.
|d VET
|d m/c
|d TXA
|d UtOrBLW
|
| 049 |
|
|
|a TXAM
|v 1 [1188115]
|v 3 [A09275316]
|v 4 [1503248]
|v 5 [1504341]
|v 6 [1000155]
|v 7 [804946]
|v 9 [A09985806]
|v 10 [A12619781]
|v 13 [A12996418]
|
| 050 |
0 |
0 |
|a RC454
|b .V46 1977
|
| 082 |
0 |
|
|a 616.89/05
|2 19
|
| 096 |
|
|
|a WM 100 V527p
|
| 111 |
2 |
|
|a Vermont Conference on the Primary Prevention of Psychopathology.
|
| 245 |
1 |
0 |
|a Primary prevention of psychopathology /
|c editors, George W. Albee, Justin M. Joffe.
|
| 264 |
|
1 |
|a Hanover, N.H. :
|b Published for the University of Vermont by the University Press of New England,
|c 1977-
|
| 300 |
|
|
|a volumes :
|b illustrations ;
|c 24 cm.
|
| 336 |
|
|
|a text
|b txt
|2 rdacontent
|
| 337 |
|
|
|a unmediated
|b n
|2 rdamedia
|
| 338 |
|
|
|a volume
|b nc
|2 rdacarrier
|
| 500 |
|
|
|a Proceedings of a series of meetings held 1975- at the University of Vermont.
|
| 500 |
|
|
|a Volumes 4- published for the Vermont Conference on the Primary Prevention of Psychopathology.
|
| 504 |
|
|
|a Includes bibliographies and indexes.
|
| 650 |
|
0 |
|a Psychology, Pathological
|x Prevention
|x Congresses.
|
| 650 |
|
0 |
|a Psychology, Pathological
|x Social aspects
|x Congresses.
|
| 650 |
|
2 |
|a Psychopathology.
|
| 700 |
1 |
|
|a Albee, George W.
|
| 700 |
1 |
|
|a Joffe, Justin M.
|
| 710 |
2 |
|
|a University of Vermont.
|
| 999 |
|
|
|a MARS
|
| 999 |
f |
f |
|s 561c59ca-6a21-3c99-bbcd-998257878863
|i f88a6378-4842-38eb-86a4-eedde28dfdee
|t 0
|
| 952 |
f |
f |
|p ric
|a Texas A&M University
|b Rellis Campus
|c Joint Library Facility
|d Remote Storage
|t 0
|e RC454 .V46 1977
|h Library of Congress classification
|i unmediated -- volume
|k v.6
|m A14807712524
|
| 952 |
f |
f |
|p ric
|a Texas A&M University
|b Rellis Campus
|c Joint Library Facility
|d Remote Storage
|t 0
|e RC454 .V46 1977
|h Library of Congress classification
|i unmediated -- volume
|k v.1
|m A14805105129
|
| 952 |
f |
f |
|p ric
|a Texas A&M University
|b Rellis Campus
|c Joint Library Facility
|d Remote Storage
|t 0
|e RC454 .V46 1977
|h Library of Congress classification
|i unmediated -- volume
|k v.7
|m A14807951005
|
| 952 |
f |
f |
|p ric
|a Texas A&M University
|b Rellis Campus
|c Joint Library Facility
|d Remote Storage
|t 0
|e RC454 .V46 1977
|h Library of Congress classification
|i unmediated -- volume
|k v.13
|m A14812996418
|
| 952 |
f |
f |
|p ric
|a Texas A&M University
|b Rellis Campus
|c Joint Library Facility
|d Remote Storage
|t 0
|e RC454 .V46 1977
|h Library of Congress classification
|i unmediated -- volume
|k v.9
|m A14809985806
|
| 952 |
f |
f |
|p ric
|a Texas A&M University
|b Rellis Campus
|c Joint Library Facility
|d Remote Storage
|t 0
|e RC454 .V46 1977
|h Library of Congress classification
|i unmediated -- volume
|k v.3
|m A14809275316
|
| 952 |
f |
f |
|p ric
|a Texas A&M University
|b Rellis Campus
|c Joint Library Facility
|d Remote Storage
|t 0
|e RC454 .V46 1977
|h Library of Congress classification
|i unmediated -- volume
|k v.5
|m A14806417066
|
| 952 |
f |
f |
|p ric
|a Texas A&M University
|b Rellis Campus
|c Joint Library Facility
|d Remote Storage
|t 0
|e RC454 .V46 1977
|h Library of Congress classification
|i unmediated -- volume
|k v.10
|m A14812619781
|
| 952 |
f |
f |
|p ric
|a Texas A&M University
|b Rellis Campus
|c Joint Library Facility
|d Remote Storage
|t 0
|e RC454 .V46 1977
|h Library of Congress classification
|i unmediated -- volume
|k v.4
|m A14806341841
|
| 998 |
f |
f |
|a RC454 .V46 1977
|s v.1,v.3-v.7,v.9-v.10,v.13
|t 0
|l Remote Storage
|